Pays représenté lors du FFI - Inazuma Eleven 3 - Statistiques

Statistiques générales
  • Ce quiz a été pris 923 fois
    895 depuis la dernière actualisation
  • Le résultat moyen est 11 sur 13
Statistiques - réponses
Hint Réponse % Correct
Inazuma Japon Japon
100%
Orphée Italie
98%
Knights of Queen Angleterre
97%
Rois du Football Brésil
96%
Licornes États-Unis
96%
Empereurs Argentine
94%
Dragons de Feu Corée
94%
Rose Griffon France
93%
Torero Rouge Espagne
92%
Big Waves Australie
91%
Lions du Désert Qatar
80%
Brocken Bogue Allemagne
64%
Little Gigantes (Petits Géants) Costail
54%
Aucun quiz correspondant
Distribution des résultats
% des personnes avec chaque résultat
Percentile par nombre de réponses
Votre historique - résultats
Vous n’avez pas pris ce quiz depuis la dernière actualisation